000
00263nam a22001097a 4500
082
_a
340
100
_a
Gupta ,Virag
_9
83366
245
_a
New Criminal Laws CRIMINAL MANUAL
260
_a
Delhi
_b
Commercial Law Publishers
_c
2024
650
_a
LAW
942
_c
C. BOOKS
999
_c
68253
_d
68253